000 00316nam a2200133Ia 4500
008 240624s9999 xx 000 0 und d
041 _aeng
082 _a332.1 BES
100 _aBEST PHILIP
245 _aIMPLEMENTING VALUE AT RISK
260 _c1999
_altd.,1999
300 _axiii, : 208p. ; 23cm.
365 _c
_b27
999 _c20698
_d20698